Winter War - Statistics

General Stats
  • This quiz has been taken 186 times
  • The average score is 4 of 6
Answer Stats
Question Answer % Correct
___ was humiliated in the war USSR
92%
____ joined the continuation war against USSR Germany
91%
Finland lost __% of their territory 11%
82%
Who won the winter war USSR
81%
Peace treaty was signed in ____ Moscow
65%
Was in war against Finland in the continuation war Both
31%
No matching quizzes found
Score Distribution
Percent of People with Each Score
Percentile by Number Answered
Your Score History
You have not taken this quiz